[Event "34th Open"]
[Site "Fourmies FRA"]
[Date "2010.05.23"]
[Round "5"]
[White "Amigues,E"]
[Black "Heymann Lobzhanidze,A"]
[Result "0-1"]
[WhiteElo "2321"]
[BlackElo "2050"]

1.d4 Nf6 2.Nf3 d6 3.c4 g6 4.Nc3 Bg7 5.e4 O-O 6.Be2 e5 7.Be3 Nc6 8.d5 Ne7
9.Nd2 Ne8 10.c5 f5 11.f3 f4 12.Bf2 g5 13.Nc4 Rf7 14.cxd6 cxd6 15.Nb5 b6 16.Qb3 Ng6
17.Qa3 Bd7 18.Nbxd6 Nxd6 19.Nxd6 Rf6 20.Nc4 Nh4 21.Rg1 Rg6 22.g3 fxg3 23.hxg3 Nxf3+
24.Qxf3 b5 25.Nd2 Rc8 26.Qb3 Rh6 27.Bxa7 Bf8 28.Be3 Bc5 29.Bxc5 Rxc5 30.Qb4 Qf8
31.a3 Rh2 32.Rf1 Qc8 33.Nb3 Rc2 34.Bd1 Bh3 35.Bxc2 Bxf1 36.Qc5 Qg4 37.Nc1 Qxg3+
38.Kd1 Qf3+ 39.Ne2 Bxe2+ 40.Kc1 Qf4+ 41.Kb1 Rh1+ 42.Ka2 Rxa1+ 43.Kxa1 Qc1+  0-1

[Event "III Copa Roggio A"]
[Site "Asuncion PAR"]
[Date "2010.05.24"]
[Round "4"]
[White "Kropff,R"]
[Black "Diaz Hollemaert,N"]
[Result "1/2-1/2"]
[WhiteElo "2300"]
[BlackElo "2451"]

1.Nf3 g6 2.d4 Bg7 3.c4 d6 4.Nc3 Nd7 5.e4 e5 6.Be2 Ngf6 7.O-O O-O 8.Re1 c6
9.Bf1 exd4 10.Nxd4 Re8 11.f3 d5 12.exd5 Rxe1 13.Qxe1 cxd5 14.Be3 Nb6 15.c5 Nc4
16.Bxc4 dxc4 17.Rd1 Bd7 18.Ndb5 Qe7 19.Nd6 Be6 20.Qh4 Qc7 21.Bd4 Nd7 22.Bxg7 Kxg7
23.Qd4+ Kg8 24.Nce4 b6 25.Nxf7 Bxf7 26.Qxd7 Qxd7 27.Rxd7 bxc5 28.Ng5 c3 29.bxc3 Bxa2
30.Nxh7 a5 31.Nf6+ Kf8 32.Nh7+ Ke8 33.Nf6+ Kf8 34.Nh7+  1/2-1/2

[Event "34th Open"]
[Site "Fourmies FRA"]
[Date "2010.05.24"]
[Round "6"]
[White "David,Alb"]
[Black "Stets,D"]
[Result "1/2-1/2"]
[WhiteElo "2631"]
[BlackElo "2467"]

1.d4 Nf6 2.c4 g6 3.Nc3 Bg7 4.e4 d6 5.Nf3 O-O 6.Be2 e5 7.Be3 Ng4 8.Bg5 f6
9.Bc1 Nc6 10.d5 Nd4 11.Nxd4 exd4 12.Nb5 f5 13.O-O Ne5 14.exf5 d3 15.Bxd3 Nxd3
16.Qxd3 Bxf5 17.Qg3 Qd7 18.Nc3 Rae8 19.Bd2 Be5 20.f4 Bd4+ 21.Kh1 a6 22.Rae1 b5
23.cxb5 axb5 24.b4 c5 25.dxc6 Qxc6 26.Rc1 Qb7 27.h3 Ra8 28.Ne2 Rxa2 29.Nxd4 Rxd2
30.Nxf5 Rxf5 31.Rf2 Rxf2 32.Qxf2 Qe4 33.Qh4 Rf7 34.Qd8+ Kg7 35.Qxd6 Qxf4
36.Qc5 Kh6 37.Rd1 Rf5 38.Qc3 Qc4 39.Qxc4 bxc4 40.Rc1 Rf4 41.b5 Rf5  1/2-1/2

[Event "2nd Kahraman Olgac Mem"]
[Site "Instanbul TUR"]
[Date "2010.05.24"]
[Round "2"]
[White "Mirzoev,A"]
[Black "Erdogdu,M"]
[Result "1-0"]
[WhiteElo "2555"]
[BlackElo "2458"]

1.Nf3 Nf6 2.d4 g6 3.c4 Bg7 4.Nc3 O-O 5.e4 d6 6.Be2 e5 7.dxe5 dxe5 8.Qxd8 Rxd8
9.Bg5 Nbd7 10.O-O-O Rf8 11.Nd5 c6 12.Ne7+ Kh8 13.Be3 Re8 14.Nxc8 Raxc8 15.g4 Nf8
16.Nd2 N6d7 17.g5 Ne6 18.Bg4 Rc7 19.Nb3 Bf8 20.Bxe6 Rxe6 21.Rd3 Rd6 22.Rxd6 Bxd6
23.Rd1 Be7 24.h4 Nb6 25.Nd2 Nd7 26.Nf3 Bc5 27.Bxc5 Nxc5 28.Nxe5 Nxe4 29.f3 Nc5
30.Rd8+ Kg7 31.Ng4 Ne6 32.Rb8 Rd7 33.Nf6 Rd8 34.Rxb7 h6 35.Ne4 hxg5 36.Nxg5 Nxg5
37.hxg5 Rd3 38.Rxa7 Rxf3 39.Ra5 f6 40.gxf6+ Kh6 41.Ra8 Rxf6 42.a4 g5 43.a5 Kg6
44.a6 Kf5 45.b4 g4 46.Rg8 Rf7 47.Kc2 Kf4 48.Kb3 g3 49.Ka4 Kf3 50.Ka5  1-0

[Event "2nd Limpedea Cup"]
[Site "Baia Sprie ROM"]
[Date "2010.05.25"]
[Round "2"]
[White "Sieciechowicz,M"]
[Black "Grigore,Ge"]
[Result "1/2-1/2"]
[WhiteElo "2427"]
[BlackElo "2532"]

1.d4 Nf6 2.c4 g6 3.Nc3 Bg7 4.e4 d6 5.Nf3 O-O 6.Be2 e5 7.O-O Nh5 8.Re1 Nf4
9.Bf1 Bg4 10.dxe5 dxe5 11.Nd5 Ne6 12.h3 Bxf3 13.Qxf3 Nc6 14.b4 Ncd4 15.Qc3 c6
16.Ne3 a5 17.b5 Ng5 18.Ba3 Nxe4 19.Qd3 Nd6 20.Rad1 Re8 21.b6 f5 22.c5 Nf7
23.Nc4 Qd5 24.Qc3 e4 25.Qc1 Red8 26.Kh1 Qe6 27.Bb2 Qe7 28.Bc3 Ne6 29.Nxa5 Rxd1
30.Rxd1 Qxc5 31.Bc4 Bxc3 32.Qxc3 Qxa5 33.Qf6 Qe5 34.Qe7 Kg7 35.Rd7 Rf8 36.Bxe6 Qa1+
37.Kh2 Qe5+ 38.g3 f4 39.Bb3 fxg3+ 40.fxg3 Qb2+ 41.Kg1 Qc1+ 42.Kf2 Qb2+ 43.Kf1 Qc1+
44.Ke2 Qb2+ 45.Kd1 Qb1+ 46.Ke2 Qb2+ 47.Kf1 Qc1+ 48.Kg2 Qb2+ 49.Kh1 Qa1+ 50.Kg2  1/2-1/2

[Event "2nd Kahraman Olgac Mem"]
[Site "Instanbul TUR"]
[Date "2010.05.25"]
[Round "3"]
[White "Strikovic,A"]
[Black "Kanmazalp,O"]
[Result "1-0"]
[WhiteElo "2557"]
[BlackElo "2287"]

1.c4 Nf6 2.Nc3 g6 3.e4 d6 4.d4 Bg7 5.Nf3 O-O 6.Be2 e5 7.d5 a5 8.Bg5 Na6 9.Nd2 Qe8
10.a3 h6 11.Bh4 Bd7 12.b3 Nh7 13.Rb1 h5 14.f3 Bh6 15.O-O Be3+ 16.Kh1 Bc5
17.Qc1 f5 18.exf5 gxf5 19.Na2 Qg6 20.b4 Be3 21.Qc2 Kh8 22.Nc3 Rg8 23.g3 Qh6
24.f4 exf4 25.Nd1 Bd4 26.Rxf4 Qxf4 27.Nf3 Qe4 28.Qxe4 fxe4 29.Nxd4 axb4 30.axb4 c5
31.dxc6 bxc6 32.Bxh5 c5 33.bxc5 dxc5 34.Nb5 Nb4 35.Nd6 Rgf8 36.Kg1 Bc6 37.Be7 Rfb8
38.Nf7+ Kg7 39.Ne3 Bd7 40.Bxc5 Nc6 41.Rd1 Nf6 42.g4 Rb7 43.Nd6 Rc7 44.Nd5 Nxd5
45.cxd5 Nd8 46.Bd4+ Kg8 47.Nxe4  1-0

[Event "2nd Kahraman Olgac Mem"]
[Site "Instanbul TUR"]
[Date "2010.05.26"]
[Round "6"]
[White "Mirzoev,A"]
[Black "Kanmazalp,O"]
[Result "1/2-1/2"]
[WhiteElo "2555"]
[BlackElo "2287"]

1.d4 Nf6 2.c4 g6 3.Nc3 Bg7 4.e4 d6 5.Nf3 O-O 6.Be2 e5 7.dxe5 dxe5 8.Qxd8 Rxd8
9.Bg5 Re8 10.Nd5 Nxd5 11.cxd5 c6 12.Bc4 cxd5 13.Bxd5 Nd7 14.Nd2 Nc5 15.O-O Be6
16.Bxe6 Nxe6 17.Be3 Nd4  1/2-1/2

[Event "2nd SCS Open"]
[Site "Bhubaneswar IND"]
[Date "2010.05.27"]
[Round "8"]
[White "Karthikeyan,P"]
[Black "Iuldachev,S"]
[Result "1-0"]
[WhiteElo "2411"]
[BlackElo "2511"]

1.d4 Nf6 2.c4 d6 3.Nc3 Nbd7 4.e4 e5 5.Nf3 g6 6.Be2 Bg7 7.O-O O-O 8.Re1 exd4
9.Nxd4 Re8 10.Bf1 Nc5 11.f3 Nh5 12.g4 Nf6 13.h3 h5 14.Bg5 hxg4 15.hxg4 a5
16.Qd2 c6 17.Rad1 Qb6 18.Qf2 a4 19.a3 Nfd7 20.f4 Nf6 21.Bxf6 Bxf6 22.g5 Bg7
23.f5 Be5 24.Nf3 Qc7 25.Qh4 gxf5 26.Nxe5 Rxe5 27.Rd2 Qb6 28.Kh1 Re6 29.Rh2 Kf8
30.exf5 Rxe1 31.Qxe1 Bxf5 32.Rh8+ Kg7 33.Rxa8 Nd3 34.Bxd3  1-0

[Event "2nd SCS Open"]
[Site "Bhubaneswar IND"]
[Date "2010.05.27"]
[Round "8"]
[White "Simonian,H"]
[Black "Harutjunyan,G"]
[Result "1/2-1/2"]
[WhiteElo "2521"]
[BlackElo "2460"]

1.d4 Nf6 2.c4 g6 3.Nc3 Bg7 4.e4 d6 5.Nf3 O-O 6.Be2 e5 7.O-O exd4 8.Nxd4 Re8
9.f3 Nc6 10.Be3 Nh5 11.f4 Nf6 12.Bf3 Bg4 13.Nxc6 Bxf3 14.Qxf3 bxc6 15.Bd4 Qc8
16.Rad1 Qg4 17.e5 dxe5 18.Bxe5 Qe6 19.b3 Ng4 20.Bxg7 Kxg7 21.h3 Qe3+ 22.Kh1 Nf6
23.Rd3 Qxf3 24.Rfxf3 Re1+ 25.Kh2 Rae8  1/2-1/2

[Event "2nd Limpedea Cup"]
[Site "Baia Sprie ROM"]
[Date "2010.05.28"]
[Round "6"]
[White "Bonte,An"]
[Black "Grigore,Ge"]
[Result "0-1"]
[WhiteElo "2307"]
[BlackElo "2532"]

1.d4 Nf6 2.c4 g6 3.Nc3 Bg7 4.e4 d6 5.Nf3 O-O 6.Be2 e5 7.O-O exd4 8.Nxd4 Re8
9.f3 c6 10.Nc2 Na6 11.Be3 Nc7 12.Qd2 d5 13.Rad1 Be6 14.exd5 cxd5 15.c5 Qe7
16.b4 Bf5 17.Bd3 Bxd3 18.Qxd3 a5 19.b5 Rad8 20.Bd4 Ne6 21.Rfe1 Qc7 22.Na4 Nxd4
23.Nxd4 Nd7 24.c6 Bxd4+ 25.Qxd4 bxc6 26.Rxe8+ Rxe8 27.Rc1 Re6 28.Nc5 Nxc5
29.Qxc5 Qf4 30.bxc6 Qd2 31.Kf1 Re2 32.Rb1 Rxg2 33.Re1 Kg7 34.Re8 Kh6 35.c7 Rxh2
36.Qe3+ Qxe3 37.Rxe3 Rc2 38.Re7 f6 39.a4 g5 40.Ke1 d4 41.Rd7 Kg6 42.Rxd4 Rxc7
43.Rd5 Re7+  0-1

[Event "2nd SCS Open"]
[Site "Bhubaneswar IND"]
[Date "2010.05.28"]
[Round "9"]
[White "Neelotpal,D"]
[Black "Ramnath,B"]
[Result "0-1"]
[WhiteElo "2453"]
[BlackElo "2350"]

1.d4 Nf6 2.c4 g6 3.Nc3 Bg7 4.e4 d6 5.Nf3 O-O 6.Be2 e5 7.O-O Na6 8.Be3 c6
9.d5 Ng4 10.Bg5 f6 11.Bh4 c5 12.Nd2 h5 13.a3 Nh6 14.f3 Nf7 15.Rb1 Bh6 16.Kh1 Bd7
17.b4 b6 18.Nb5 Qe7 19.Rb3 Kg7 20.Bd3 Rfc8 21.Nc3 Bg5 22.Bf2 h4 23.b5 Nc7
24.a4 a5 25.bxa6 Rcb8 26.Ndb1 Nxa6 27.Na3 Nb4 28.Nab5 Rc8 29.Rxb4 cxb4 30.Na2 Bxb5
31.cxb5 Qa7 32.Nxb4 Rc1 33.Qb3 Qxa4 34.Qxa4 Rxa4 35.Na6 Ra3 36.Rxc1 Bxc1
37.Bf1 Be3 38.Bxe3 Rxe3 39.Nb8 f5 40.exf5 gxf5 41.Nd7 e4 42.fxe4 fxe4 43.Kg1 Ne5
44.Nxb6 Ng4 45.h3 Re1 46.Na4 e3 47.Nc3 Nh2 48.Kxh2 Rxf1 49.b6 Rf7 50.Kg1 Kg6
51.g3 hxg3 52.Ne2 Kg5 53.Nxg3 Kf4 54.Ne2+ Ke4  0-1

[Event "2nd SCS Open"]
[Site "Bhubaneswar IND"]
[Date "2010.05.28"]
[Round "9"]
[White "Shreyansh,D"]
[Black "Ashwin,J"]
[Result "1-0"]
[WhiteElo "2287"]
[BlackElo "2457"]

1.d4 Nf6 2.Nf3 g6 3.c4 Bg7 4.Nc3 d6 5.e4 O-O 6.Be2 e5 7.dxe5 dxe5 8.Qxd8 Rxd8
9.Bg5 Re8 10.Nd5 Nxd5 11.cxd5 c6 12.Bc4 b5 13.Bb3 Bb7 14.Rd1 c5 15.a4 a6
16.Ke2 Nd7 17.Be3 Bf8 18.Nd2 Rec8 19.Ra1 f5 20.f3 c4 21.Bc2 f4 22.Bf2 b4
23.a5 c3 24.bxc3 Rxc3 25.Ba4 Nc5 26.Bxc5 Rxc5 27.Rhc1 Rac8 28.Kd1 g5 29.Rxc5 Rxc5
30.Nb3 Rc3 31.Rc1 Rd3+ 32.Ke2 Re3+ 33.Kd2 Bd6 34.Nc5 Bc8 35.Nd3 Bb7 36.Bc6 Bc8
37.Be8 Bb7 38.Bd7 Kf7 39.Bc8 Bxc8 40.Rxc8 g4 41.Rc6 gxf3 42.gxf3 Ke7 43.Rxa6 Rxf3
44.Ra7+ Kf6 45.Rd7 Be7 46.a6 Rh3 47.d6 Rxh2+ 48.Kc1 Bf8 49.Kb1 Rh1+ 50.Kb2 Rh2+
51.Kb3 Rd2 52.a7 Rxd3+ 53.Kxb4 Bxd6+ 54.Rxd6+ Rxd6 55.a8=Q Rd1 56.Qf8+ Ke6
57.Qf5+ Kd6 58.Qf6+ Kd7 59.Qxe5 f3 60.Qf5+ Kc6 61.Qxf3 Rb1+ 62.Kc3 Ra1 63.e5+ Kc7
64.Qf7+ Kd8 65.e6 Rc1+ 66.Kd2  1-0

[Event "2nd Kahraman Olgac Mem"]
[Site "Instanbul TUR"]
[Date "2010.05.28"]
[Round "10"]
[White "Strikovic,A"]
[Black "Erdogdu,M"]
[Result "1-0"]
[WhiteElo "2557"]
[BlackElo "2458"]

1.c4 Nf6 2.Nc3 g6 3.e4 d6 4.d4 Bg7 5.Nf3 O-O 6.Be2 e5 7.d5 a5 8.Bg5 h6 9.Bh4 Na6
10.Nd2 Qe8 11.a3 Bd7 12.b3 Nh7 13.Rb1 f5 14.exf5 gxf5 15.Bh5 Qc8 16.Be7 Re8
17.Bxe8 Qxe8 18.Bh4 e4 19.Ne2 Nc5 20.O-O Nd3 21.Nc1 Nf4 22.Bg3 Be5 23.Bxf4 Bxf4
24.Ne2 Be5 25.f4 Bg7 26.Re1 Qb8 27.Nf1 Qa7+ 28.Kh1 Nf6 29.h3 Qf2 30.Qd2 Kf7
31.Qe3 Qh4 32.Kg1 Bh8 33.Nfg3 Nh7 34.c5 Qe7 35.cxd6 Qxd6 36.Nd4 Bxd4 37.Qxd4 Rg8
38.Ne2 Nf6 39.b4 Nxd5 40.bxa5 Qg6 41.g3 Bc6 42.Rb3 Qe6 43.Reb1 Ra8 44.Qc5 Qd6
45.Rc1 Ne7 46.Nd4 Bd5 47.Rbc3 Qf6 48.Rd1 c6 49.Qb4 h5 50.h4 Rg8 51.Kf2 Re8
52.Nc2 Ng6 53.Ne3 Nxf4 54.gxf4 Qxh4+ 55.Ke2 Qh2+ 56.Ke1 Rd8 57.Qxb7+ Kf8
58.Rd4 h4 59.Qc7 Re8 60.Qd6+ Kf7 61.Rxd5 Qg3+ 62.Kd2 cxd5 63.Qxd5+  1-0

[Event "XXIX Open A"]
[Site "Zalakaros HUN"]
[Date "2010.05.28"]
[Round "3"]
[White "Prohaszka,P2"]
[Black "Gergacz,A"]
[Result "1/2-1/2"]
[WhiteElo "2510"]
[BlackElo "2417"]

1.d4 Nf6 2.c4 g6 3.Nc3 Bg7 4.e4 d6 5.Be2 O-O 6.Nf3 e5 7.Be3 exd4 8.Nxd4 Nc6
9.O-O Re8 10.f3 Nh5 11.Qd2 f5 12.Nxc6 bxc6 13.Bg5 Bf6 14.Bh6 f4 15.Bxf4 Nxf4
16.Qxf4 Bg5 17.Qg3 Bh4 18.Qf4 Bg5 19.Qg3 Bh4 20.Qf4  1/2-1/2

[Event "3rd Mayor's Cup"]
[Site "Mumbai IND"]
[Date "2010.06.03"]
[Round "2"]
[White "Premnath,R"]
[Black "Kokarev,Dm"]
[Result "0-1"]
[WhiteElo "2260"]
[BlackElo "2612"]

1.d4 Nf6 2.c4 g6 3.Nc3 Bg7 4.e4 O-O 5.Be2 d6 6.Nf3 e5 7.O-O exd4 8.Nxd4 Re8
9.f3 c6 10.Kh1 Nbd7 11.Bf4 Nh5 12.Bxd6 Qf6 13.Nc2 Nf4 14.c5 Nxc5 15.Bxc5 Qg5
16.g3 Nxe2 17.Be3 Nxc3 18.bxc3 Qe7 19.Bd4 Bh3 20.Re1 Rad8 21.Qe2 Rd7 22.Qe3 Red8
23.Re2 Bf8 24.Qf4 g5 25.Qe5 Qxe5 26.Bxe5 Rd1+ 27.Rxd1 Rxd1+ 28.Re1 Rd2 29.Ne3 Rxa2
30.Kg1 Bg7 31.Bxg7 Kxg7 32.f4 gxf4 33.gxf4 a5 34.e5 a4 35.c4 a3 36.c5 Rb2
37.Nc4 Rg2+ 38.Kh1 a2 39.f5 Rc2 40.f6+ Kh6 41.Nd6 Be6  0-1

[Event "TCh-CHN"]
[Site "Shenzhan CHN"]
[Date "2010.06.07"]
[Round "4"]
[White "Xiu Deshun"]
[Black "Li Shilong"]
[Result "1/2-1/2"]
[WhiteElo "2493"]
[BlackElo "2514"]

1.Nf3 Nf6 2.c4 g6 3.Nc3 Bg7 4.e4 d6 5.d4 O-O 6.Be2 e5 7.O-O Na6 8.Be3 c6
9.d5 Ng4 10.Bg5 f6 11.Bh4 c5 12.Ne1 Nh6 13.Nd3 Qe7 14.f3 Nf7 15.a3 Bd7 16.b4 b6
17.Rb1 Rfc8 18.bxc5 Nxc5 19.Nxc5 Rxc5 20.a4 Bh6 21.Bf2 Bg7 22.Bh4 Bh6 23.Bf2 Rcc8
24.a5 bxa5 25.c5 dxc5 26.Ba6 Rd8 27.d6 Nxd6 28.Nd5 Qf7 29.Nc7 Ba4 30.Qxa4 Qxc7
31.Ra1 Bd2 32.Qa2+ Nf7 33.Bc4 Bb4 34.Bd5 Rac8 35.Rac1 Kg7 36.Be3 Nd6 37.Qf2 Nf5
38.Bd2 Bxd2 39.Qxd2 Ne7 40.Ra1 Nxd5 41.exd5 c4 42.Qxa5 Qc5+ 43.Qxc5 Rxc5
44.Rxa7+ Kh6 45.Rc1 Rdxd5 46.Ra3 Kg5 47.Rac3 Rd4 48.Kf2 Kf5 49.Ke3 Ke6 50.Ra1 Rcd5
51.Rc2 Rd3+ 52.Ke2 c3 53.Ke1 h5 54.h4 Kf5 55.Rcc1 Kf4 56.Ra6 Ke3 57.Rc6 f5
58.R1xc3 Rxc3 59.Rxc3+ Kf4 60.Rc6 Ke3 61.Rxg6 Ra5 62.Kd1 Rd5+ 63.Ke1 Ra5
64.Kd1 e4 65.fxe4 fxe4 66.Rg5 Ra1+ 67.Kc2 Ra2+ 68.Kc3 Kf2 69.Rf5+ Kg3 70.Kd4 Kg4
71.Rg5+ Kxh4 72.Rg8 Re2 73.Rg7 Re1 74.Rg8 Re2 75.Rg7  1/2-1/2

[Event "3rd Mayor's Cup"]
[Site "Mumbai IND"]
[Date "2010.06.08"]
[Round "9"]
[White "Laxman,R"]
[Black "Shiven,K"]
[Result "1-0"]
[WhiteElo "2476"]
[BlackElo "2337"]

1.Nf3 Nf6 2.c4 g6 3.Nc3 Bg7 4.d4 O-O 5.e4 d6 6.Be2 e5 7.Be3 Na6 8.O-O h6
9.dxe5 Ng4 10.Bd2 Nxe5 11.Be3 Nxf3+ 12.Bxf3 Be6 13.Bd4 Nc5 14.b4 Nd7 15.Be2 a5
16.b5 Re8 17.f4 f5 18.exf5 gxf5 19.Bh5 Re7 20.Bxg7 Rxg7 21.Re1 Nc5 22.Qd4 Kh7
23.Bf3 Rg6 24.Re3 Qf6 25.Qxf6 Rxf6 26.Nd5 Bxd5 27.Bxd5 Rc8 28.Re7+ Kg6 29.Rae1 c6
30.bxc6 bxc6 31.R1e3 Ne4 32.Bxe4 fxe4 33.R3xe4 d5 34.Rd4 c5 35.Rxd5 Rxf4
36.Re6+ Kf7 37.Rxh6 Re8 38.Rd7+ Kg8 39.Rg6+ Kf8 40.Rd1 Rxc4 41.Rf1+ Ke7 42.Re1+ Kf7
43.Rxe8 Kxg6 44.Re2 a4 45.h3 Rc1+ 46.Kf2 a3 47.Kf3 Rf1+ 48.Ke3 Kg5 49.Kd3 Kf4
50.Re4+ Kg3 51.Rg4+  1-0

[Event "9th TCh-BIH Premier"]
[Site "Bihac BIH"]
[Date "2010.06.12"]
[Round "8"]
[White "Damljanovic,B"]
[Black "Tonkovic,R"]
[Result "1-0"]
[WhiteElo "2539"]
[BlackElo "2133"]

1.c4 Nf6 2.Nc3 g6 3.e4 d6 4.d4 Bg7 5.Nf3 O-O 6.Be2 e5 7.Be3 Nc6 8.d5 Ne7
9.Nd2 Nd7 10.b4 a5 11.a3 f5 12.f3 b6 13.Nb3 fxe4 14.fxe4 Kh8 15.c5 dxc5 16.bxa5 Ng8
17.h4 Ba6 18.Bxa6 Rxa6 19.Qe2 Qc8 20.h5 bxa5 21.Na4 gxh5 22.Nbxc5 Nxc5 23.Nxc5 Rg6
24.Qxh5 Nh6 25.Ne6 Rff6 26.Rc1 Qb7 27.Nxg7 Kxg7 28.Bg5  1-0

[Event "14th FIDE Open"]
[Site "Voronezh RUS"]
[Date "2010.06.12"]
[Round "1"]
[White "Saulin,Y"]
[Black "Fadin,E"]
[Result "0-1"]
[WhiteElo "1841"]
[BlackElo "2150"]

1.d4 Nf6 2.c4 g6 3.Nc3 Bg7 4.e4 d6 5.Nf3 O-O 6.Be2 e5 7.d5 a5 8.O-O Na6 9.b3 Nc5
10.Qc2 Nh5 11.Ne1 Nf4 12.Nd3 Nfxd3 13.Bxd3 f5 14.Bb2 f4 15.a3 f3 16.g3 Bh3
17.Rfd1 Qd7 18.b4 Na6 19.Qb3 Kh8 20.Na4 Bg2 21.c5 Qh3 22.cxd6 g5 23.dxc7 Rf6
24.Qc3 Qxh2+  0-1

[Event "14th Master Open"]
[Site "Voronezh RUS"]
[Date "2010.06.12"]
[Round "1"]
[White "Zakhartsov,Vi"]
[Black "Chekhov,S"]
[Result "1-0"]
[WhiteElo "2586"]
[BlackElo "2361"]

1.d4 d6 2.Nf3 Nf6 3.c4 g6 4.Nc3 Bg7 5.e4 O-O 6.Be2 Qe8 7.O-O e5 8.dxe5 dxe5
9.b4 Qe7 10.Qb3 c6 11.b5 Nbd7 12.bxc6 Nc5 13.Qc2 Qd6 14.cxb7 Bxb7 15.Rd1 Qa6
16.Nd2 Rfd8 17.Bb2 Rac8 18.Bf1 Qb6 19.Nd5 Bxd5 20.exd5 Ng4 21.Nb3 Na4 22.Ba3 e4
23.c5 Qb8 24.d6 e3 25.f3 e2 26.Qxe2 Nc3 27.Qd3 Nxd1 28.Rxd1 Ne5 29.Qd5 a5
30.Nd4 Qa7 31.Re1 Re8 32.Bb5 Nd7 33.Re7 Bxd4+ 34.Qxd4 Qb8 35.Bb2  1-0

[Event "9th TCh-BIH Premier"]
[Site "Bihac BIH"]
[Date "2010.06.13"]
[Round "9"]
[White "Saric,Ib"]
[Black "Damljanovic,B"]
[Result "1/2-1/2"]
[WhiteElo "2558"]
[BlackElo "2539"]

1.d4 Nf6 2.c4 g6 3.Nc3 Bg7 4.e4 d6 5.Nf3 O-O 6.Be2 e5 7.O-O c6 8.d5 Na6 9.Bg5 h6
10.Bh4 g5 11.Bg3 Nc5 12.Nd2 a5 13.b3 Bd7 14.Re1 Qb8 15.Bf1 Rc8 16.f3 Nh5
17.Bf2 Nf4 18.Bxc5 dxc5 19.g3 Ng6 20.Rc1 Re8 21.a4 h5 22.Rc2 Qd8 23.Bd3 Qf6
24.Nf1 Rad8 25.Ne3 Bc8 26.Bf1 Bh6 27.Rf2 Kh8 28.Qc2 Ne7 29.Bd3 Qg7 30.Nf5 Bxf5
31.exf5 cxd5 32.cxd5 b6 33.Be4 Ng8 34.h3 Nf6 35.g4 Qh7 36.Nb5 Bf8 37.Rd2 Bd6
38.Rg2 Rg8 39.Qc3 Qg7 40.Kf2 Bb8 41.Qc4 Qh6 42.Ke2 Kg7 43.Reg1 hxg4 44.hxg4 Rh8
45.Kd2 Ne8 46.Kc2 Qf6 47.Qe2 c4 48.bxc4 Nd6 49.Nc3 Rc8 50.Rh2 Rxh2 51.Qxh2 Rh8
52.Qe2 Rh3 53.Rg2 Qh6 54.Bd3 Qf6 55.Be4 Bc7 56.Rh2 Rxh2 57.Qxh2 Bd8 58.Qe2 Qh6
59.Nb5 Nxb5 60.cxb5 Be7 61.Qc4 Qh2+ 62.Kb1 Qd2 63.Qc2 Qb4+ 64.Kc1 Bc5 65.Kd1 Kf6
66.Ke2 Qd4 67.Kf1 Qg1+ 68.Ke2 Qf2+ 69.Kd3 Qe3+ 70.Kc4 Qd4+ 71.Kb3 Qb4+ 72.Ka2 Kg7
73.Qb3 Qe1 74.Qc2 Bd4 75.Qb1  1/2-1/2

[Event "Open"]
[Site "Teplice CZE"]
[Date "2010.06.13"]
[Round "2"]
[White "Kozak,Mi"]
[Black "Neuman,P"]
[Result "0-1"]
[WhiteElo "2184"]
[BlackElo "2463"]

1.d4 Nf6 2.c4 g6 3.Nc3 Bg7 4.e4 d6 5.Nf3 O-O 6.Be2 e5 7.Be3 Na6 8.O-O Ng4
9.Bg5 Qe8 10.Re1 h6 11.Bh4 f5 12.exf5 gxf5 13.h3 Nf6 14.dxe5 dxe5 15.c5 e4
16.Bxa6 bxa6 17.Nd4 Qe5 18.Nb3 Be6 19.Qe2 Nd5 20.Nxd5 Bxd5 21.Rad1 c6 22.Qxa6 f4
23.f3 Qh5 24.Be7 Rfe8 25.Bd6 exf3  0-1

[Event "4th Open"]
[Site "Varna BUL"]
[Date "2010.06.13"]
[Round "2"]
[White "Komarov,Di"]
[Black "Aliyev,Elnur"]
[Result "1-0"]
[WhiteElo "2521"]
[BlackElo "2152"]

1.d4 Nf6 2.Nf3 g6 3.c4 Bg7 4.Nc3 O-O 5.e4 d6 6.Be2 e5 7.O-O exd4 8.Nxd4 Re8
9.f3 Nc6 10.Be3 Nh5 11.f4 Nf6 12.Bf3 Bd7 13.Re1 a6 14.Rc1 Rb8 15.Bf2 Nxd4
16.Bxd4 Bc6 17.Nd5 b5 18.e5 dxe5 19.Bxe5 Bxd5 20.cxd5 Re7 21.Rc6 Ne8 22.Rxa6 Nd6
23.Rc6 b4 24.Re2 Nf5 25.Bg4 Nd6 26.Bxg7 Rxe2 27.Qxe2 Kxg7 28.Bf3 Kg8 29.Qd3 Rb7
30.b3 Qf6 31.h3 h5 32.Kh2 h4 33.Qe3 Qb2 34.Qe1 Ra7 35.Qxh4  1-0

[Event "14th FIDE Open"]
[Site "Voronezh RUS"]
[Date "2010.06.13"]
[Round "2"]
[White "Pilkin,E"]
[Black "Bujlov,I"]
[Result "0-1"]
[WhiteElo "2053"]
[BlackElo "2232"]

1.c4 Nf6 2.Nc3 g6 3.e4 d6 4.d4 Bg7 5.Nf3 O-O 6.Be2 e5 7.dxe5 dxe5 8.Qxd8 Rxd8
9.Bg5 Re8 10.O-O Na6 11.h3 c6 12.Be3 Nh5 13.Rfd1 Nf4 14.Bf1 h6 15.Rd2 Ne6
16.Rad1 c5 17.a3 Nd4 18.Nd5 Be6 19.Bxd4 exd4 20.Bd3 Rac8 21.Rb1 Bxd5 22.exd5 Bf8
23.Kf1 Bd6 24.Re2 Kf8 25.Rbe1 Nc7 26.Nd2 Rxe2 27.Rxe2 b6 28.Ne4 Rd8 29.Nxd6 Rxd6
30.g4 b5 31.b3 bxc4 32.bxc4 Rb6 33.Bc2 Ne8 34.Ba4 Nd6 35.Bc6 Rb3 36.a4 d3
37.Re1 Nxc4  0-1

[Event "FSIMB June"]
[Site "Budapest HUN"]
[Date "2010.06.14"]
[Round "10"]
[White "Mitchell,M"]
[Black "Farago,S"]
[Result "1-0"]
[WhiteElo "2266"]
[BlackElo "2268"]

1.d4 Nf6 2.c4 g6 3.Nc3 Bg7 4.e4 d6 5.Be2 O-O 6.Nf3 e5 7.d5 Na6 8.Bg5 h6 9.Bh4 Qe8
10.a3 Nh5 11.Nd2 Nf4 12.O-O f5 13.exf5 gxf5 14.b4 e4 15.Rc1 Qg6 16.Bg3 Be5
17.Bxf4 Bxf4 18.g3 Bd7 19.Kh1 Be5 20.f4 Bg7 21.Nb3 Qf6 22.c5 Nb8 23.Nb5 Bxb5
24.Bxb5 a6 25.Be2 Nd7 26.c6 bxc6 27.Rxc6 Nb6 28.Rxc7 Qb2 29.Qa1 Kh8 30.Qxb2 Bxb2
31.Rc6 Nxd5 32.Rxd6 Ne3 33.Rb1 Bxa3 34.Rxh6+ Kg7 35.Rxa6 Rxa6 36.Bxa6 Bxb4
37.Nd4 Ra8 38.Bb7 Ra2 39.Nxf5+ Nxf5 40.Bxe4 Ne3 41.Rxb4 Ng4 42.Kg1 Nxh2 43.Rb7+ Kf8
44.Rf7+ Kg8 45.Rc7 Re2 46.Bg2  1-0

[Event "14th Master Open"]
[Site "Voronezh RUS"]
[Date "2010.06.14"]
[Round "3"]
[White "Ozolin,M"]
[Black "Potapova,M"]
[Result "1-0"]
[WhiteElo "2398"]
[BlackElo "1849"]

1.d4 Nf6 2.c4 g6 3.Nc3 Bg7 4.e4 d6 5.Nf3 O-O 6.Be2 Na6 7.O-O e5 8.Re1 exd4
9.Nxd4 Nc5 10.f3 Ne6 11.Nxe6 Bxe6 12.Bg5 c6 13.Qd2 Qa5 14.Kh1 Rfd8 15.Red1 Rd7
16.Rac1 h5 17.b3 Nh7 18.Bf4 Rad8 19.Na4 Qxd2 20.Rxd2 b6 21.b4 g5 22.Be3 b5
23.cxb5 cxb5 24.Bxb5 Rb7 25.Ba6 Rxb4 26.Nc5 Bf6 27.Nxe6 fxe6 28.Bc4 Nf8 29.Bxa7 Kg7
30.Bb3 g4 31.Be3 Kg6 32.Kg1 h4 33.Kf2 Be5 34.f4 Bf6 35.Rc6 Be7 36.Rb6 Rxb6
37.Bxb6 Rc8 38.Rc2 Rxc2+ 39.Bxc2 Nd7 40.Bd4 Nc5 41.Ke3 Nd7 42.e5+ Kh5 43.Bd1 dxe5
44.fxe5 Kg5 45.a4 Bb4 46.Ke4 Nc5+ 47.Bxc5 Bxc5 48.Bb3 h3 49.gxh3 gxh3 50.Bxe6 Bg1
51.a5 Bxh2 52.Bxh3 Kg6 53.a6 Bg1 54.Kd5 Kf7 55.Kc6  1-0

[Event "14th FIDE Open"]
[Site "Voronezh RUS"]
[Date "2010.06.14"]
[Round "3"]
[White "Basencyan,M"]
[Black "Dubov,Danil"]
[Result "0-1"]
[WhiteElo "2006"]
[BlackElo "2190"]

1.d4 Nf6 2.c4 g6 3.Nc3 Bg7 4.e4 O-O 5.Nf3 d6 6.Be2 Nbd7 7.O-O e5 8.Re1 exd4
9.Nxd4 Nc5 10.Bf1 Ng4 11.Nf3 Ne6 12.g3 c6 13.h3 Ne5 14.Nxe5 Bxe5 15.Be3 Qc7
16.Bg2 Bd7 17.Rc1 Rad8 18.Qd2 Rfe8 19.Rf1 Bg7 20.f4 f5 21.b4 Bc8 22.g4 Nf8
23.Bf3 Be6 24.Kh1 fxe4 25.Nxe4 d5 26.cxd5 Bxd5 27.Nf6+ Bxf6 28.Bxd5+ Kh8
29.g5 Bg7 30.f5 gxf5 31.b5 Qe5 32.Bf4 Qxd5+ 33.Qxd5 cxd5  0-1

[Event "14th Master Open"]
[Site "Voronezh RUS"]
[Date "2010.06.15"]
[Round "4"]
[White "Tarasova,Viktoriy"]
[Black "Bukavshin,I"]
[Result "0-1"]
[WhiteElo "2292"]
[BlackElo "2435"]

1.d4 Nf6 2.c4 g6 3.Nc3 Bg7 4.e4 d6 5.Nf3 O-O 6.Be2 e5 7.Be3 c6 8.d5 Ng4 9.Bg5 f6
10.Bh4 c5 11.O-O h5 12.Ne1 Na6 13.a3 Qd7 14.Bg3 Nh6 15.Nd3 Qe7 16.b4 b6 17.f3 f5
18.Bf2 f4 19.Rb1 g5 20.bxc5 bxc5 21.Qa4 g4 22.Kh1 Nf7 23.Rb2 Rb8 24.Rxb8 Nxb8
25.Rb1 Na6 26.Qd1 Nh6 27.Nb5 Rf7 28.Qa4 Bf8 29.Nc3 Rg7 30.Bg1 h4 31.fxg4 Nxg4
32.Bf3 Nh6 33.Nf2 Nf7 34.Qd1 Ng5 35.Bg4 Bxg4 36.Qxg4 h3 37.gxh3 Rh7 38.Kg2 f3+
39.Kh1 Qf7 40.Rb3 Qf4 41.Rb1 Kh8 42.Rb2 Rg7 43.Rb3 Qd2 44.h4 Nh3 45.Qxh3 Qe1
46.Ne2 fxe2 47.Rg3 Rxg3 48.Qxg3 Qd2 49.Nd3 Qxd3  0-1

[Event "14th FIDE Open"]
[Site "Voronezh RUS"]
[Date "2010.06.15"]
[Round "4"]
[White "Savenko,I"]
[Black "Kajumov,K"]
[Result "0-1"]
[WhiteElo "2209"]
[BlackElo "1831"]

1.Nf3 Nf6 2.c4 g6 3.d4 Bg7 4.Nc3 O-O 5.e4 d6 6.Be2 e5 7.d5 a5 8.Be3 Na6 9.a3 Nc5
10.Qc2 Ng4 11.Bxc5 dxc5 12.h3 Nh6 13.O-O f5 14.Bd3 f4 15.Kh2 Nf7 16.g4 Qd7
17.Ng1 f3 18.Nxf3 h5 19.Rg1 hxg4 20.Nh4 Nh6 21.Nxg6 Rf3 22.Rg3 Qf7 23.Rxf3 Qxf3
24.Kg1 gxh3 25.Ne7+ Kf7 26.Bf1 Kxe7 27.Qe2 Qf4 28.f3  0-1

[Event "Open"]
[Site "Teplice CZE"]
[Date "2010.06.16"]
[Round "5"]
[White "Seliger,B"]
[Black "Kozak,Mi"]
[Result "0-1"]
[WhiteElo "1847"]
[BlackElo "2184"]

1.d4 Nf6 2.Nf3 g6 3.c4 Bg7 4.Nc3 O-O 5.e4 d6 6.Be2 Na6 7.O-O e5 8.dxe5 dxe5
9.Qc2 Nd7 10.Rd1 c6 11.Be3 Qe7 12.a3 Nf6 13.b4 Nh5 14.Qd2 Nf4 15.Qd6 Qxd6
16.Rxd6 Nxe2+ 17.Nxe2 Be6 18.b5 cxb5 19.cxb5 Nc7 20.a4 Rfc8 21.Rc1 Ne8 22.Rdd1 a6
23.b6 f6 24.Nc3 Bf8 25.Nd5 Rxc1 26.Rxc1 Rc8 27.Rxc8 Bxc8 28.Nd2 Kf7 29.Nc4 Nd6
30.Nxd6+ Bxd6 31.Kf1 Bd7 32.a5 Bb5+ 33.Ke1 Bc6 34.Kd1 Bxd5 35.exd5 Bb4 36.Bd2 Bxd2
37.Kxd2 Ke7 38.Kd3 Kd6 39.Kc4 f5 40.f3 f4 41.g3 fxg3 42.hxg3 h5  0-1